000 01212nam0a22002531 4500
001 rc\735122
005 20040301141834.2
035 _a(NLR Aleph) 006265273
090 _a6891613
_c6891613
100 _a20040301d1985 u |0rusy50 ca
101 0 _arus
102 _aRU
105 _aa |||||||||
200 1 _aПрименение экономико-математических методов в экономических исследованиях в газовой промышленности
_eСб. науч. тр.
_fВНИИ экономики, орг. пр-ва и техн.-экон. информ. в газовой пром-сти
_g[Редкол.: А.С. Щенков (гл. ред.) и др.]
210 _aМ.
_cВНИИЭгазпром
_d1985
215 _a92 с.
_cграф.
_d20
320 _aБиблиогр. в конце ст.
702 1 _aЩенков
_bА. С.
_4340
712 0 2 _aВНИИ экономики, организации производства и техн.-экон. информации в газовой промышленности
_3RU\NLR\AUTH\889947036
801 0 _aRU
_bNLR
_gpsbo
801 1 _aRU
_bELAR
_2rusmarc
852 _aNLR
_j86-4/10604
942 _cBOOK
980 _aNB